000 00564nam a2200193Ia 4500
003 IN-BaIIA
008 211028s9999 xx 000 0 eng d
020 _a978-88-7830-476-5
040 _cIIA Library
080 _a524.834
_bLOI
100 _aLoinger, Angelo
_926821
245 0 _aMore on BH's and GW's III
_cAngelo Loinger
260 _aPavia
_bLa Goliardica Pavese
_c2007
300 _a91p.
650 _aBlack holes
_97728
650 _aGravitational waves
_93825
650 _aMassive star
_925481
942 _cBK
999 _c17698
_d17698